| 000 | 01316nam a2200349 a 4500 | ||
|---|---|---|---|
| 001 | 000113182 | ||
| 003 | CHAP | ||
| 005 | 20220329144342.0 | ||
| 008 | 170511s2016 mx sm |||||||spa d | ||
| 010 | _a109643 | ||
| 011 | _a110615 | ||
| 040 | _cCHAP | ||
| 090 | _aTesis | ||
| 100 | 1 |
_aOchoa Morales, José Neyder _9132158 |
|
| 245 | 1 | 0 |
_aTulipán cultivado (Tulipan x hortorum), en tres sustratos y tres concentraciones de K en la solución nutritiva _h[En línea] _cpor José Neyder Ochoa Morales. |
| 260 |
_aChapingo, Méx. : _bEl autor, _c2016. |
||
| 500 | _aPara ver el contenido del material haga clic en la liga | ||
| 502 | _aTesis (Agr. en Horticultura Protegida) -- UACH. Departamento de Fitotecnia | ||
| 590 |
_aBATCH-UPD _b05 _c20170511 _lUCH01 _h0941 |
||
| 590 |
_aE11695DGD _b10 _c20170511 _lUCH01 _h1451 |
||
| 590 |
_aE5765TAJ _b05 _c20170511 _lUCH01 _h0940 |
||
| 590 |
_aE5765TAJ _b05 _c20170511 _lUCH01 _h0941 |
||
| 650 | 1 | 4 |
_aPotasio _xEfecto en tulipán. _9132162 |
| 650 | 1 | 4 |
_aSoluciones nutritivas _xAplicación. _9130911 |
| 650 | 1 | 4 |
_aSustratos _xEfecto en tulipán. _9132160 |
| 650 | 1 | 4 |
_aTulipán _xCultivo. _9132159 |
| 650 | 1 | 4 |
_aTulipán _xFloración. _9132161 |
| 856 |
_aFinding aid _uhttp://10.13.5.2/tesis/sist113182.pdf _zTeclea aquí |
||
| 901 | _aBK | ||
| 942 | _cTESIS | ||
| 942 | _n0 | ||
| 999 |
_c109643 _d109643 |
||